| 000 -LEADER |
| fixed length control field |
00539nam a22001937a 4500 |
| 008 - FIXED-LENGTH DATA ELEMENTS--GENERAL INFORMATION |
| fixed length control field |
131009b xxu||||| |||| 00| 0 ger d |
| 020 ## - INTERNATIONAL STANDARD BOOK NUMBER |
| International Standard Book Number |
3527266305 |
| 041 0# - LANGUAGE CODE |
| Language code of text/sound track or separate title |
ger |
| 080 ## - UNIVERSAL DECIMAL CLASSIFICATION NUMBER |
| Universal Decimal Classification number |
007.52 |
| 100 1# - Rafti |
| -- |
Snyder, Wesley E. |
| 245 10 - TITLE STATEMENT |
| Title |
Computergesteuerte Industrieroboter / |
| Statement of responsibility, etc |
Wesley E. Snyder |
| 250 ## - |
| -- |
1. Auflage |
| 260 ## - |
| -- |
Weinheim : |
| -- |
New York : |
| -- |
VCH ; |
| -- |
1990 |
| 300 ## - |
| -- |
392 f. : |
| -- |
me il. ; |
| -- |
24 cm. |
| 500 ## - |
| -- |
Vorwort f. : [V] - XI |
| 650 #0 - |
| -- |
Robotët |
| 650 #0 - |
| -- |
Automatët |
| 942 ## - ADDED ENTRY ELEMENTS (KOHA) |
| Source of classification or shelving scheme |
|
| Item type |
Books |